000 01393nam a22003737a 4500
003 CHAP
005 20220329143312.0
008 080404d2004 es r 00110 spa d
010 _a94669
011 _a95641
020 _a9701508866
035 _a106270
040 _cCHAP
082 0 4 _a664.28
_bG37
100 1 _aGarcía Garrido, J.
_946048
245 1 0 _aIndustrias químicas y agroalimentarias :
_banálisis y ensayos
_c/por J. García Garrido y A.D. Rodríguez López
260 _aValencia :
_bUniversidad Politécnica de Valencia,
_c2004
300 _a184 p. :
_bilus. ; gráfs. ; cuadros
590 _aBATCH-UPD
_b10
_c20130110
_lUCH01
_h0410
590 _aBATCH-UPD
_b10
_c20130110
_lUCH01
_h2058
590 _aBATCH-UPD
_b10
_c20130410
_lUCH01
_h0044
590 _aBATCH-UPD
_b10
_c20130410
_lUCH01
_h1557
590 _aBATCH-UPD
_b10
_c20130914
_lUCH01
_h0215
590 _aCONVERSION
_b10
_c20130109
_lUCH01
_h1352
650 1 4 _aAlimentos
_xImplementos y maquinaria.
_94225
650 1 4 _aAlimentos
_xIndustria.
_94227
650 1 4 _aIndustrias agrícolas.
_957925
650 1 4 _aIndustrias químicas.
_958034
700 1 _aRodríguez López, A.D.
_998635
901 _aBK
942 _cLIBRO
949 _a664.28 G37
_bBC
_cLIBRO
_d33724002046926
_eLIBRO
_gI.c/e.
_h109427
_i106270
_sb
_t$168.00
949 _a664.28 G37
_bBC
_cLIBRO
_d33724002046967
_eLIBRO
_fc.2
_gI.c/e.
_h109428
_i106270
_si
_t$168.00
999 _c94669
_d94669